Normal view
MARC view
- Rajmanohar T.P.(Editor) & Sivarajadhanavel P.(Editor)
Entry Personal Name
001 - CONTROL NUMBER
- control field: 191867
003 - CONTROL NUMBER IDENTIFIER
- control field: OSt
005 - DATE AND TIME OF LATEST TRANSACTION
- control field: 20230714213825.0
008 - FIXED-LENGTH DATA ELEMENTS
- fixed length control field: 230714|| aca||aabn | a|a d
040 ## - CATALOGING SOURCE
- Original cataloging agency: OSt
- Transcribing agency: OSt
100 ## - HEADING--PERSONAL NAME
- Personal name: Rajmanohar T.P.(Editor) & Sivarajadhanavel P.(Editor)
670 ## - SOURCE DATA FOUND
- Source citation: Work cat.: (OSt)203044: Rajmanohar T.P.(Editor) 175961, Business Process Outsourcing, 2010